Um sonho no caroço do abacate (Record no. 50288)

MARC details
000 -LÍDER
campo de controle de tamanho fixo 00388 a2200169 4500
001 - NÚMERO DE CONTROLE
campo de controle 50288
020 ## - ISBN - INTERNATIONAL STANDARD BOOK NUMBER
ISBN - International Standard Book Number 8526005111
040 ## - FONTE DA CATALOGAÇÃO
Instituição que transcreveu o registro Anchieta - Bela Vista
100 ## - ENTRADA PRINCIPAL--NOME PESSOAL
Nome pessoal Scliar, Moacyr
240 10 - TÍTULO UNIFORME
Título uniforme Um sonho no caroço do abacate
Idioma da obra por
245 10 - TÍTULO
Título Um sonho no caroço do abacate
300 ## - DESCRIÇÃO FÍSICA
Extensão 75
362 0# - DATAS DE PUBLICAÇÃO E/OU DESIGNAÇÃO SEQUENCIAL
Datas de publicação e/ou designação sequencial 2000
440 #1 - DECLARAÇÃO DE SÉRIE/ENTRADA ADICIONADA--TÍTULO
Título Global
650 #4 - ASSUNTO--TERMO TÓPICO
Cabeçalho tópico ou nome geográfico Literatura brasileira
942 ## - ELEMENTOS DE ENTRADA ADICIONADOS (KOHA)
Tipo de material Koha Livros
Holdings
Situação do descarte Situação das perdas Situação física Não pode ser emprestado Biblioteca de origem Biblioteca atual Data de aquisição Total de empréstimos Número de chamada completo Código de barras Data de último acesso Data do preço efetivo Tipo de material Koha Fonte da classificação ou esquema de arquivamento na estante
        Colégio Anchieta - Bela Vista Colégio Anchieta - Bela Vista 21/11/2023   869.93 S419s SCL SON 3986/BEL 21/11/2023 21/11/2023 Livros  
        Domus - Itaim Bibi Domus - Itaim Bibi 01/07/2024   869.93 S419s 9788563222619 01/07/2024 01/07/2024 Livros Classificação Decimal de Dewey